Mystery Taylor Swift Song #131 - Statistics

General Stats
  • This quiz has been taken 202 times
  • The average score is 66 of 98
Answer Stats
Song % Correct
a
98%
I
98%
love
96%
is
95%
the
95%
1989
94%
this
94%
you
94%
and
92%
me
92%
to
92%
go
91%
in
91%
it
91%
Your
90%
oh
89%
my
88%
from
86%
good
86%
on
86%
you're
86%
bad
84%
Ohh
84%
This Love
84%
what
84%
When
84%
back
83%
But
81%
came
81%
of
81%
were
80%
just
79%
free
78%
could
77%
let
77%
had
76%
hands
76%
These
76%
dead
75%
dark
71%
alive
69%
come
69%
never
69%
time
68%
out
67%
left
66%
up
66%
gone
64%
mark
64%
need
64%
dreams
63%
glowing
63%
permanent
63%
leave
62%
watched
62%
will
61%
blue
59%
brought
59%
water
59%
wildest
59%
young
59%
cheek
58%
Clear
58%
dreamed
58%
run
58%
with
58%
kiss
57%
new
57%
fell
56%
knees
56%
night
56%
again
55%
showed
54%
still
54%
only
53%
ships
53%
sinking
53%
silent
52%
High
51%
screams
51%
smile
51%
tide
51%
ghost
48%
darker
46%
someone
46%
through
46%
grew
45%
losing
45%
Skies
44%
grip
43%
swept
43%
burning
42%
Currents
41%
turning
40%
Tossing
39%
Flickered
38%
Lantern
37%
Struggled
36%
No matching quizzes found
Score Distribution
Percent of People with Each Score
Percentile by Number Answered
Your Score History
You have not taken this quiz